书目信息 |
| 题名: |
形势与政策
|
|
| 作者: | 石国亮, 主编 | |
| 分册: | ||
| 出版信息: | 北京 研究出版社 2008.08 |
|
| 页数: | 149页 | |
| 开本: | 24cm | |
| 丛书名: | ||
| 单 册: | ||
| 中图分类: | G641.41 | |
| 科图分类: | ||
| 主题词: | 时事政策教育--高等学校--教材 | |
| 电子资源: | ||
| ISBN: | 978-7-80168-343-4 | |
| 000 | 00787nam0 2200253 450 | |
| 001 | 003814363 | |
| 005 | 20100805110611.17 | |
| 010 | @a978-7-80168-343-4@dCNY16.00 | |
| 090 | @aG641@bsgl | |
| 100 | @a20100515d2008 em y0chiy50 ea | |
| 101 | 0 | @achi |
| 102 | @aCN@b110000 | |
| 105 | @ay z 000yy | |
| 200 | 1 | @a形势与政策@Axing shi yu zheng ce@e2008·秋@f石国亮主编@Axing shi yu zheng ce |
| 205 | @a第2版 | |
| 210 | @a北京@c研究出版社@c中国言实出版社@d2008.08 | |
| 215 | @a149页@d24cm | |
| 330 | @a本书内容包括:时事大讲堂、形式热点、政策解读、新观察等栏目共十讲内容。 | |
| 517 | 1 | @a2008·秋@A2008·qiu |
| 606 | 0 | @a时事政策教育@x高等学校@x教材 |
| 690 | @aG641.41@v4 | |
| 701 | 0 | @a石国亮,@Ashi guo liang,@f1972-@4主编 |
| 801 | @c20100515 | |
| 905 | @dG641.41@eS520=2@f5 | |
| 形势与政策:2008·秋/石国亮主编.-第2版.-北京:研究出版社:中国言实出版社,2008.08 |
| 149页;24cm |
| ISBN 978-7-80168-343-4:CNY16.00 |
| 本书内容包括:时事大讲堂、形式热点、政策解读、新观察等栏目共十讲内容。 |
| ● |
| 相关链接 |
|
|
|
正题名:形势与政策
索取号:G641.41/S520=2
 
预约/预借
| 序号 | 登录号 | 条形码 | 馆藏地/架位号 | 状态 | 备注 |
| 1 | 995708 | 209957082 | 社科库409/409社科库 10排3列4层/ [索取号:G641.41/S520=2] | 在馆 | |
| 2 | 995709 | 209957091 | 社科库409/422社科库 43排2列3层/ [索取号:G641.41/S520=2] | 在馆 | |
| 3 | 995710 | 209957108 | 社科库409/422社科库 43排2列3层/ [索取号:G641.41/S520=2] | 在馆 | |
| 4 | 995711 | 209957117 | 社科库409/422社科库 43排2列3层/ [索取号:G641.41/S520=2] | 在馆 | |
| 5 | 995712 | 209957126 | 社科库409/409社科库 10排3列4层/ [索取号:G641.41/S520=2] | 在馆 |